| 000 | 00617nam a2200217Ia 4500 | ||
|---|---|---|---|
| 005 | 20221028121814.0 | ||
| 008 | 131103s9999 xx 000 0 und d | ||
| 020 |
_a8125032266 _cRs 295 |
||
| 040 | _aLoreto College | ||
| 041 | _aEnglish | ||
| 082 |
_a954.02 _bCHA |
||
| 100 | _aChandra, Satish | ||
| 245 |
_aHistory of Medieval India _b (800-1700) _cSatish Chandra |
||
| 260 |
_aNew Delhi _bOrient Longman _c2007 |
||
| 300 | _axii,418p | ||
| 504 | _aIncludes biblliographical references and index | ||
| 650 | _aIndia-History,Medieval | ||
| 651 | _aMedieval Indian History | ||
| 850 | _aLCLIB | ||
| 942 | _cBK | ||
| 999 |
_c17731 _d68210 |
||